Fourth wing (Record no. 4552)

MARC details
000 -CABECERA
campo de control de longitud fija 02414cam a2200349 i 4500
001 - NÚMERO DE CONTROL
campo de control 10584709
003 - IDENTIFICADOR DEL NÚMERO DE CONTROL
campo de control CaAEU
005 - FECHA Y HORA DE LA ÚLTIMA TRANSACCIÓN
campo de control 20251117132408.0
008 - DATOS DE LONGITUD FIJA--INFORMACIÓN GENERAL
campo de control de longitud fija 230109t20242023enkb e 000 1 eng d
020 ## - NÚMERO INTERNACIONAL ESTÁNDAR DEL LIBRO
Número Internacional Estándar del Libro 9780349437019 (paperback)
035 ## - NÚMERO DE CONTROL DEL SISTEMA
Número de control de sistema on1429610898
040 ## - FUENTE DE LA CATALOGACIÓN
Centro catalogador/agencia de origen AU@
Lengua de catalogación eng
Normas de descripción rda
Centro/agencia transcriptor AU@
Centro/agencia modificador OCLCO
-- OCLCQ
-- ORU
-- UKBUR
-- OCLCO
050 #4 - SIGNATURA TOPOGRÁFICA DE LA BIBLIOTECA DEL CONGRESO
Número de clasificación PS3625.A7384
Número de documento/Ítem F68 2024
100 ## - ENTRADA PRINCIPAL--NOMBRE DE PERSONA
Nombre de persona Yarros, Rebecca
Término indicativo de función/relación author.
9 (RLIN) 24950
245 10 - MENCIÓN DE TÍTULO
Título Fourth wing
Mención de responsabilidad, etc. / Rebecca Yarros.
246 3# - FORMA VARIANTE DE TÍTULO
Título propio/Titulo breve 4th wing
264 #1 - PRODUCCIÓN, PUBLICACIÓN, DISTRIBUCIÓN, FABRICACIÓN Y COPYRIGHT
Producción, publicación, distribución, fabricación y copyright London :
Nombre del de productor, editor, distribuidor, fabricante Piatkus,
Fecha de producción, publicación, distribución, fabricación o copyright 2024.
264 #4 - PRODUCCIÓN, PUBLICACIÓN, DISTRIBUCIÓN, FABRICACIÓN Y COPYRIGHT
Fecha de producción, publicación, distribución, fabricación o copyright ©2023.
300 ## - DESCRIPCIÓN FÍSICA
Extensión 561 pages :
Otras características físicas maps ;
Dimensiones 20 cm.
490 1# - MENCIÓN DE SERIE
Mención de serie The Empyrean ;
Designación de volumen o secuencia 1
500 ## - NOTA GENERAL
Nota general First published in 2023.
520 ## - SUMARIO, ETC.
Sumario, etc. Welcome to the brutal and elite world of Basgiath War College, where everyone has an agenda, and every night could be your last . . . Twenty-year-old Violet Sorrengail was supposed to enter the Scribe Quadrant, living a quiet life among books and history. Now, the commanding general - also known as her tough-as-talons mother - has ordered Violet to join the hundreds of candidates striving to become the elite of Navarre: dragon riders. But when you're smaller than everyone else and your body is brittle, death is only a heartbeat away . . . because dragons don't bond to 'fragile' humans. They incinerate them. With fewer dragons willing to bond than cadets, most would kill Violet to better their own chances of success. The rest would kill her just for being her mother's daughter - like Xaden Riorson, the most powerful and ruthless wingleader in the Riders Quadrant. She'll need every edge her wits can give her just to see the next sunrise. Yet, with every day that passes, the war outside grows more deadly, the kingdom's protective wards are failing, and the death toll continues to rise. Even worse, Violet begins to suspect leadership is hiding a terrible secret. Alliances will be forged. Lives will be lost. Traitors will become allies . . . or even lovers. But sleep with one eye open because once you enter, there are only two ways out: graduate or die.
650 #0 - PUNTO DE ACCESO ADICIONAL DE MATERIA--TÉRMINO DE MATERIA
Término de materia o nombre geográfico como elemento de entrada Dragons
Subdivisión de forma Fiction.
650 #0 - PUNTO DE ACCESO ADICIONAL DE MATERIA--TÉRMINO DE MATERIA
Término de materia o nombre geográfico como elemento de entrada Imaginary wars and battles
Subdivisión de forma Fiction
9 (RLIN) 24133
650 #0 - PUNTO DE ACCESO ADICIONAL DE MATERIA--TÉRMINO DE MATERIA
Término de materia o nombre geográfico como elemento de entrada Secrecy
Subdivisión de forma Fiction.
9 (RLIN) 25722
650 #0 - PUNTO DE ACCESO ADICIONAL DE MATERIA--TÉRMINO DE MATERIA
Término de materia o nombre geográfico como elemento de entrada Mothers and daughters
Subdivisión de forma Fiction.
650 #0 - PUNTO DE ACCESO ADICIONAL DE MATERIA--TÉRMINO DE MATERIA
Término de materia o nombre geográfico como elemento de entrada Conspiracies
Subdivisión de forma Fiction.
650 #0 - PUNTO DE ACCESO ADICIONAL DE MATERIA--TÉRMINO DE MATERIA
Término de materia o nombre geográfico como elemento de entrada Magic
Subdivisión de forma Fiction.
9 (RLIN) 24059
655 #0 - TÉRMINO DE INDIZACIÓN--GÉNERO/FORMA
Datos o término principal de género/forma Fantasy fiction
9 (RLIN) 22510
800 ## - PUNTO DE ACCESO ADICIONAL DE SERIE--NOMBRE DE PERSONA
Nombre de persona Yarros, Rebecca,
Título de la obra Empyrean ;
Designación de volumen o secuencia 1.
942 ## - ELEMENTOS DE ENTRADA AGREGADA (KOHA)
Fuente del sistema de clasificación o colocación Clasificación de Library of Congress
Holdings
Estado de retiro Estado de pérdida Fuente del sistema de clasificación o colocación Estado dañado No para préstamo Biblioteca de origen Biblioteca actual Fecha de adquisición Total de préstamos Signatura topográfica completa Código de barras Fecha visto por última vez Número de copia Precio válido a partir de Tipo de ítem Koha
    Clasificación de Library of Congress     TBS Barcelona TBS Barcelona 21/03/2025   P-EN YAR B05881 21/03/2025 1 21/03/2025 Book

Powered by Koha